|
|
|
|
| LEADER |
00883nam a2200289 4500 |
| 001 |
DLU090103208 |
| 005 |
##20091230 |
| 040 |
# |
# |
|a DLU
|b vie
|
| 041 |
# |
# |
|a vie
|
| 044 |
# |
# |
|a vn
|
| 100 |
# |
# |
|a Bùi Huy Khiên,
|c ThS.
|
| 245 |
# |
# |
|a Pháp luật và thực hiện pháp luật dưới triều Lê Thánh Tông và vua Minh Mệnh /
|c Bùi Huy Khiên.
|
| 653 |
# |
# |
|a Lê Thánh Tông, 1442--1497
|
| 653 |
# |
# |
|a Lịch sử pháp luật
|
| 653 |
# |
# |
|a Luật tục
|
| 653 |
# |
# |
|a Minh Mạng, 1791-1840
|
| 653 |
# |
# |
|a Pháp luật
|
| 773 |
# |
# |
|t Quản lí nhà nước
|g Số7(150), 2008, tr. 30-34
|
| 920 |
# |
# |
|a Phòng Tạp chí -- Trung tâm Thông tin - Thư viện Trường Đại học Đà Lạt
|
| 994 |
# |
# |
|a DLU
|
| 900 |
# |
# |
|a True
|
| 911 |
# |
# |
|a Nguyễn Thị Linh Chi
|
| 925 |
# |
# |
|a G
|
| 926 |
# |
# |
|a A
|
| 927 |
# |
# |
|a BB
|
| 980 |
# |
# |
|a Thư viện Trường Đại học Đà Lạt
|